Normal view
MARC view
- Tchang Sánchez, Ana
Entry Nombre Personal
001 - NUMERO DE CONTROL
- campo de control: 49711
003 - IDENTIFICADOR DE NUMERO DE CONTROL
- campo de control: MX-MxUPN
005 - FECHA Y HORA DE LA ÜLTIMA TRANSACCIÓN
- campo de control: 20230814122644.0
008 - DATOS DE LONGITUD FIJA
- campo de control de longitud fija: 230814|| aca||aabn | a|a d
040 ## - FUENTE DE CATALOGACIÓN
- Agencia original de catalogación: MX-MxUPN
- Lenguaje de catalogación: spa
- Agencia de transcripción: MX-MxUPN
100 1# - ENCABEZAMIENTO - NOMBRE PERSONAL
- Nombre personal: Tchang Sánchez, Ana
670 ## - FUENTE EN LA QUE SE LOCALIZARON DATOS
- Cita de la fuente: Todo lo que necesitas saber sobre el TDAH en la etapa de aprendizaje : introducción al trastorno por déficit de atención e hiperactividad, 2020:
- Información localizada: portada (Ana Tchang Sánchez)
902 ## - CATALOGADOR
- Catalogador: Víctor Ruiz/140823
